The economics of advertising / (Record no. 33679)
[ view plain ]
| 000 -LEADER | |
|---|---|
| campo de control de longitud fija | 00469nam a2200169 i 4500 |
| 001 - NÚMERO DE CONTROL | |
| campo de control | 33679 |
| 003 - IDENTIFICADOR DE NÚMERO DE CONTROL | |
| campo de control | ES-MaACL |
| 005 - FECHA Y HORA DE LA ÚLTIMA TRANSACCIÓN | |
| campo de control | 20230906154812.0 |
| 007 - CAMPO FIJO DE DESCRIPCIÓN FÍSICA--INFORMACIÓN GENERAL | |
| campo de control de longitud fija | t| |
| 008 - DATOS DE LONGITUD FIJA--INFORMACIÓN GENERAL | |
| campo de control de longitud fija | 030203s1946 xxk ||||1| eng d |
| 100 1# - ENTRADA PRINCIPAL--NOMBRE DE PERSONA | |
| Nombre de persona | Bishop, F. P. |
| 9 (RLIN) | 29005 |
| 245 14 - MENCIÓN DEL TÍTULO | |
| Título | The economics of advertising / |
| Mención de responsabilidad, etc. | by F. P. Bishop. |
| 250 ## - MENCION DE EDICION | |
| Mención de edición | 3rd imp. |
| 260 ## - PUBLICACIÓN, DISTRIBUCIÓN, ETC. | |
| Lugar de publicación, distribución, etc. | London : |
| Nombre del editor, distribuidor, etc. | Robert Hale, |
| Fecha de publicación, distribución, etc. | [1946] ( |
| Fabricante | T. and A. Constable) |
| 300 ## - DESCRIPCIÓN FÍSICA | |
| Extensión | 199 p. ; |
| Dimensiones | 22 cm. |
| 852 ## - LOCALIZACIÓN | |
| Ubicación | ES-MaACL |
| Número de control de estantería | C-4375 |
| Sublocalización o colección | R.24148 |
| Estatus retirado | Estado de pérdida | Estado de daño | No para préstamo | Biblioteca de origen | Biblioteca actual | Ubicación en estantería | Fecha de adquisición | Fuente de adquisición | Total de préstamos | Signatura topográfica completa | Código de barras | Visto por última vez | Precio de reemplazo | Tipo de ítem Koha |
|---|---|---|---|---|---|---|---|---|---|---|---|---|---|---|
| Biblioteca del Ateneo de Madrid | Biblioteca del Ateneo de Madrid | Sala Palomar | 17/01/2008 | C-4375 | 1035053 | 23/02/2023 | 23/02/2023 | Libro impreso |
